000
00236nam a22000977a 4500
999
_c
532402
_d
532402
082
_a
620.106
_b
DOU
100
_a
Douglas, John F.
245
_a
Fluid Mechanics /
942
_2
ddc
_c
BK